LEADER 01039nam0 22002651i 450 001 SUN0010999 005 20051012120000.0 010 $a88-14-08782-2 100 $a20021129d2001 |0itac50 ba 101 $aita 102 $aIT 105 $a|||| ||||| 200 1 $aˆLa ‰nuova legge marchi$ecommento articolo per articolo della legge marchi e delle disposizioni transitorie del D.Lgs.n.480/92$fAdriano Vanzetti, Cesare Galli 205 $a2. ed. aggiornata con i D.Lgs nn.198/96 e 447/99 210 $aMilano$cGiuffrè$dc2001 215 $aXIV, 435 p.$d22 cm. 620 $dMilano$3SUNL000284 700 1$aVanzetti$b, Adriano$3SUNV001357$0132947 701 1$aGalli$b, Cesare$3SUNV008243$0237462 712 $aGiuffrè$3SUNV001757$4650 801 $aIT$bSOL$c20181231$gRICA 912 $aSUN0010999 950 $aUFFICIO DI BIBLIOTECA DEL DIPARTIMENTO DI GIURISPRUDENZA$d00CONS VI.D.12 $e00 19455 20021129 996 $aNuova legge marchi$9662806 997 $aUNICAMPANIA LEADER 03311 am 2200661 n 450 001 9910416497703321 005 20190713 010 $a2-7132-3082-9 024 7 $a10.4000/books.editionsehess.9831 035 $a(CKB)4100000011325877 035 $a(FrMaCLE)OB-editionsehess-9831 035 $a(oapen)https://directory.doabooks.org/handle/20.500.12854/55095 035 $a(PPN)248894536 035 $a(EXLCZ)994100000011325877 100 $a20200702j|||||||| ||| 0 101 0 $afre 135 $auu||||||m|||| 181 $ctxt$2rdacontent 182 $cc$2rdamedia 183 $acr$2rdacarrier 200 14$aLes objets dans l?action $eDe la maison au laboratoire /$fBernard Conein, Nicolas Dodier, Laurent Thévenot 210 $aParis $cÉditions de l?École des hautes études en sciences sociales$d2019 215 $a1 online resource (292 p.) 311 $a2-7132-1008-9 330 $aEn quoi les objets méritent-ils la sollicitude dont ils bénéficient aujourd'hui de la part des sciences sociales et des sciences cognitives ? Longtemps, l'analyse sociale et l'analyse psychologique ont été peu disposées à leur concéder les titres qu'elles conféraient à des entités plus distinguées ? les personnes, l'esprit, les systèmes symboliques, les structures sociales, la culture, etc. Elles les ont traités sous les catégories de l'instrumentalité, de la contrainte naturelle ou de la symbolisation, sous-estimant ainsi leur potentiel cognitif et pratique. Ces dernières années, la situation s'est modifiée. Le renouvellement des approches de l'action, le développement de la recherche sur la « cognition située », l'application, par l'anthropologie des sciences, d'un principe de symétrie dans l'étude des associations entre humains et non-humains, l'esquisse d'une pragmatique du jugement? toutes ces démarches contribuent à faire découvrir l'importance du rôle médiateur des objets et invitent à renouveler les catégories de leur analyse. C'est de cette évolution que les auteurs de ce volume ont cherché à rendre compte. 517 $aobjets dans l?action 606 $aScience$xSocial aspects 606 $aKnowledge, Sociology of 610 $aréférence 610 $ahabileté 610 $apreuve 610 $aexpertise 610 $aobjet 610 $aartefacts 615 0$aScience$xSocial aspects. 615 0$aKnowledge, Sociology of. 700 $aAkrich$b Madeleine$01304983 701 $aBessy$b Christian$01303642 701 $aBril$b Blandine$01286960 701 $aChateauraynaud$b Francis$0677247 701 $aConein$b Bernard$01233314 701 $ade Fornel$b Michel$01297512 701 $aDodier$b Nicolas$01232755 701 $aJacopin$b Éric$01304984 701 $aLatour$b Bruno$062052 701 $aLicoppe$b Christian$01275571 701 $aMenger$b Pierre-Michel$0945753 701 $aNorman$b Donald A$027793 701 $aRoux$b Valentine$01063279 701 $aThévenot$b Laurent$0253964 701 $aConein$b Bernard$01233314 701 $aDodier$b Nicolas$01232755 701 $aThévenot$b Laurent$0253964 801 0$bFR-FrMaCLE 906 $aBOOK 912 $a9910416497703321 996 $aLes objets dans l?action$93027775 997 $aUNINA LEADER 01894nam0 22004333i 450 001 VAN00269158 005 20240806101526.906 017 70$2N$a9781468463811 100 $a20240103d1989 |0itac50 ba 101 $aeng 102 $aUS 105 $a|||| ||||| 200 1 $aApplications of Combinatorics and Graph Theory to the Biological and Social Sciences$fedited by Fred Roberts 210 $aNew York$cSpringer-Verlag$d1989 215 $aix, 345 p.$cill.$d24 cm 410 1$1001VAN00027033$12001 $aˆThe ‰IMA volumes in mathematics and its applications$1210 $aNew York [etc.]$cSpringer$v17 606 $a00B25$xProceedings of conferences of miscellaneous specific interest [MSC 2020]$3VANC020732$2MF 606 $a05-XX$xCombinatorics [MSC 2020]$3VANC019812$2MF 606 $a92-XX$xBiology and other natural sciences [MSC 2020]$3VANC020839$2MF 610 $aAlgorithms$9KW:K 610 $aCombinatorics$9KW:K 610 $aGenetics$9KW:K 610 $aGraph theory$9KW:K 610 $aGraphs$9KW:K 610 $aKinetics$9KW:K 610 $aMapping$9KW:K 610 $aMatching$9KW:K 610 $aMathematics$9KW:K 620 $aUS$dNew York$3VANL000011 702 1$aRoberts$bFred S.$3VANV098430 712 $aSpringer $3VANV108073$4650 801 $aIT$bSOL$c20250606$gRICA 856 4 $uhttps://doi.org/10.1007/978-1-4684-6381-1$zE-book ? Accesso al full-text attraverso riconoscimento IP di Ateneo, proxy e/o Shibboleth 899 $aBIBLIOTECA DEL DIPARTIMENTO DI MATEMATICA E FISICA$1IT-CE0120$2VAN08 912 $fN 912 $aVAN00269158 950 $aBIBLIOTECA DEL DIPARTIMENTO DI MATEMATICA E FISICA$d08DLOAD e-book 7935 $e08eMF7935 20240202 996 $aApplications of Combinatorics and Graph Theory to the Biological and Social Sciences$93656260 997 $aUNICAMPANIA